000 00373nam a2200145Ia 4500
008 260223s2025 xx 000 0 und d
020 _a9789356966062
041 _aeng
082 _a618.92/DAT
100 _aDatta Parul
245 _aChild Health Nursing (Pediatric Nursing For GNM)
260 _aNew Delhi
_bJAYPEE,Pub
_c2025
300 _a535P
650 _aPediatric
999 _c1216402
_d1216402